Observatorio de Polt̕icas Ambientales

Detalles Bibliográficos
Formato: eBook
Lenguaje:español
Publicado: Madrid: CIEMAT - Centro de Investigaciones, Energťicas, Medioambientales y Tecnolg̤icas, 2006 -
Materias:
Acceso en línea:Acceso restringido

MARC

LEADER 00000nam a22000007a 4500
005 20191022130716.0
007 cr|||| ||||
008 191022c20069999es ar|w s|||| 0|||b1spa d
035 |a 23157 
040 |a vLex 
090 |c 9932  |d 9932 
245 0 0 |a Observatorio de Polt̕icas Ambientales  |h [Recurso electrn̤ico] / 
256 |a Servicio en ln̕ea 
260 |a Madrid:  |b CIEMAT - Centro de Investigaciones, Energťicas, Medioambientales y Tecnolg̤icas,  |c 2006 - 
300 |a 1 recurso electrn̤ico 
310 |a Anual 
506 1 |a Disponible solo en los productos indicados  |d vLex Global  |d vLex Global (Academic Edition, excluding Law Schools)  |d vLex Global (U.S. Academic Edition, Law Schools)  |d vLex Global (U.S. Academic Edition, excluding Law Schools)  |d vLex Global (Academic Edition, Law Schools) 
650 0 4 |a Medio Ambiente  |z Espaą 
740 0 |a vLex Revistas (Servicio en ln̕ea) 
856 4 0 |u http://vlex.com/source/observatorio-politicas-ambientales-23157  |z Acceso restringido 
942 |c REV 
999 0 |a Environment